LEADER 02648oam 2200337z- 450 001 9910795522403321 005 20210112164152.0 010 $a1-62616-585-8 035 $a(CKB)5120000000108026 035 $a(MiAaPQ)EBC5662527 035 $a(EXLCZ)995120000000108026 100 $a20200818c2018uuuu -u- - 101 0 $aeng 135 $aur||||||||||| 200 10$aMonotheism and its complexities $eChristian and Muslim perspectives : a record of the Fifteenth Building Bridges Seminar hosted by Georgetown University, Washington, DC, and Warrenton, VA, May 6/10, 2016 /$fLucinda Mosher and David Marshall, editors 210 $cGeorgetown University Press 311 $a1-62616-584-X 327 $aPreface: fifteen years of construction : a retrospective on the first decade and a half of the Building Bridges Seminar / Lucinda mosher -- Introduction -- The oneness of God in the Biblical witness -- Complexities surrounding God's oneness in Biblical monotheism / Richard Bauckham -- Bridging the chasm between the divine and the human : a Muslim response to Richard Bauckham / Maria Massi Dakake -- Text dialogue I : Bible passages for dialogue on the oneness of God -- The oneness of God in the Qur?an and H?adi?th -- Monotheism in Islam / Asma Afsaruddin -- The complexity of monotheism in Islam : a Christian response to Asma Afsaruddin / Sidney Griffith -- Text dialogue II: Qur?an and H?adi?th passages for dialogue on the oneness of God -- Grappling with the unity question in the elaboration of Christian doctrine -- The one and the three in Christian worship and doctrine : engaging with the question of divine unity in the elaboration of Christian doctrine / Christoph Schwo?bel -- Of storytellers and storytelling : a Muslim response to Christoph Schwo?bel / Martin Nguyen -- Text dialogue III: Christian thought -- Safeguarding tawh?i?d in the elaboration of the Islamic tradition -- God is one but unlike any other : theological argumentation on tawh?i?d in Islam / Sajjad Rizvi -- Christianity, trinity, and the one God : a response to Sajjad Rizvi / Janet Soskice -- Text dialogue IV : Islamic thought -- Reflections -- Dialogue in Northern Virginia : reflections on Building Bridges Seminar 2016 / Lucinda Mosher. 606 $aMonotheism$vCongresses 606 $aGod$vCongresses 606 $aGod (Islam)$vCongresses 615 0$aMonotheism 615 0$aGod 615 0$aGod (Islam) 676 $a261.2/7 702 $aMosher$b Lucinda 702 $aMarshall$b David$f1963- 906 $aBOOK 912 $a9910795522403321 996 $aMonotheism and its complexities$93817015 997 $aUNINA